000 00555nam a2200145Ia 4500
008 090124s9999 xx 000 0 und d
082 _b206233
245 _a स्वर्ग की सैर तथा अन्य कहानियाँ
250 _a12
260 _bभागवत लीलावती
_c2002
300 _a64
630 _a स्वर्ग की सैर तथा अन्य कहानियाँ
730 _a स्वर्ग की सैर तथा अन्य कहानियाँ
942 _cBOOK
999 _c187818
_d187818